00619nam a2200193Ia 4500003000900000008004100009040001600050080001800066100002600084245006100110260002900171300001000200650004100210650001400251650001900265942000700284999001500291952011900306IN-BaIIA211028s9999 xx 000 0 eng d cIIA Library a524.8-52bSCH aSchatzman, Evry96223 4aThe origin and evolution of the universecEvry Schatzman aLondonbHutchinsonc1966 a288p. aAstronomy and astrophysics thesaurus aCosmology aUniverse91987 cBK c4262d4262 00104070aBANbBANcGENd1973-07-28g82.25l0o524.8-52/ SCHp4757r2021-11-05v82.25w1973-07-28yBKGRs. 82.25